| 000 | 00776nam a2200205 a 4500 | ||
|---|---|---|---|
| 005 | 20210223125738.0 | ||
| 008 | 051012s2002 000 eng d | ||
| 020 | _a9589592562 | ||
| 035 | _aUPN01000141019 | ||
| 049 | _aCG | ||
| 050 | 4 |
_aLE41 B7.15 _bP7.6 |
|
| 245 | 0 | 0 |
_aProyección social de la universidad : _bpertinencia y responsabilidad social de la Universidad de San Buenaventura Cali / _ccoord. Víctor Manuel Quintero. |
| 260 |
_aCali, Col. : _bUniversidad de San Buenaventura Cali. : _bUNESCO, _c2002. |
||
| 300 | _a234 p. | ||
| 440 | 0 |
_aSapientia ; _v5 |
|
| 610 | 2 | 4 |
_aUNIVERSIDAD DE SAN BUENAVENTURA CALI (COLOMBIA) _915405 |
| 650 | 4 |
_aUNIVERSIDADES Y COLEGIOS - _xASPECTOS SOCIOLOGICOS _915406 |
|
| 700 | 1 |
_aQuintero, Víctor Manuel, _ecoord. |
|
| 905 | _aLibro | ||
| 999 |
_c113167 _d113167 |
||